00648nam a2200181Ia 4500999001700000082002000017100002200037245004500059260004400104300001000148504003300158650003400191650002300225650006000248650003000308942000700338952012100345 c15626d15626 a338.95413 PRA-I aPradhan, Gopinat; 0aIndustrial estates and state development aNew DelhibCriterion Publicationsc1985 a291p. aIncludes index, bibliography aIndustrial districts - Orissa aIndustrial estates aIndustrial productivity - Regional disparities - Orissa aIndustrial sites - Orissa cBK 00104070aNASSDOCbNASSDOCd2004-06-08i2008-12-30l0o338.95413 PRA-Ip35942r2019-04-18 00:00:00w2019-04-18yBK